Internal combustion engines (Record no. 24482)

000 -LEADER
fixed length control field 00576nam a22002051 4500
001 - CONTROL NUMBER
control field 24482
003 - CONTROL NUMBER IDENTIFIER
control field BD-DhUET
008 - FIXED-LENGTH DATA ELEMENTS--GENERAL INFORMATION
fixed length control field 681231s1968 paua b 001 0 eng
040 ## - CATALOGING SOURCE
Original cataloging agency DLC
Transcribing agency DLC
Modifying agency BD-DhUET
082 00 - DEWEY DECIMAL CLASSIFICATION NUMBER
Classification number 621.43
Item number OBE/1968
100 ## - MAIN ENTRY--PERSONAL NAME
Personal name Obert, Edward F.
245 10 - TITLE STATEMENT
Title Internal combustion engines
250 ## - EDITION STATEMENT
Edition statement 3rd ed.
260 ## - PUBLICATION, DISTRIBUTION, ETC. (IMPRINT)
Place of publication, distribution, etc. Scranton
Name of publisher, distributor, etc. International Textbook
Date of publication, distribution, etc. 1968
300 ## - PHYSICAL DESCRIPTION
Extent xiii, 736p.
Other physical details illus
490 0# - SERIES STATEMENT
Series statement International textbooks in mechanical engineering
504 ## - BIBLIOGRAPHY, ETC. NOTE
Bibliography, etc Includes bibliographies
650 #0 - SUBJECT ADDED ENTRY--TOPICAL TERM
Topical term or geographic name as entry element Internal combustion engines
942 ## - ADDED ENTRY ELEMENTS (KOHA)
Koha item type General Book
Holdings
Location (home branch) Piece designation (barcode) Damaged status Koha date last borrowed Sublocation or collection (holding branch) Withdrawn status Not for loan Source of classification or shelving scheme Koha date last seen Price effective from Koha issues (times borrowed) Date acquired Shelving location Koha item type Koha normalized classification for sorting Copy number Koha full call number Lost status
Central Library, BUET19063 2019-09-28Central Library, BUET   2019-11-182015-05-0922015-05-09Circulation sectionGeneral Book621_430000000000000_OBE_19681621.43/OBE/1968 
Central Library, BUET32007  Central Library, BUET   2015-06-162015-06-16 2015-06-16Reading sectionGeneral Book621_430000000000000_OBE_19682621.43/OBE/1968 
Central Library, BUET40437  Central Library, BUET   2015-06-162015-06-16 2015-06-16Reading sectionReading Item621_430000000000000_OBE_19683621.43/OBE/1968 
Central Library, BUET19060  Central Library, BUET   2015-06-232015-06-23 2015-06-23Reading sectionReading Item621_430000000000000_OBE_19684621.43/OBE/1968 
Central Library, BUET32117  Central Library, BUET   2015-07-032015-07-03 2015-07-03Reading sectionReading Item621_430000000000000_OBE_19685621.43/OBE/1968